000 00958cam a22002415a 4500
001 L160256
008 190603s2019 xxk f 000 0 eng d
020 _a9781783213559
035 _a(Sirsi) u160256
041 0 _aeng
100 1 _aKinghan, Peter
245 0 0 _aDrones
_bapplications and compliance for surveyors
_h[electronic resource]
260 _aLondon
_bRICS
_c2019
300 _ai; 29p; 30cm
490 0 _aRICS Insight
520 _aLooks at opportunities and the use of drones to assist surveying applications. Discusses compliance and regulatory issues including national and national legislation and developing standards. Includes case studies, glossary and a further reading list.
590 _aKA
650 2 4 _aDRONES
651 4 _aEurope
690 _aGeomatics
_96242
856 _uhttps://www.rics.org/news-insights/research-and-insights/drones-applications-and-compliance-for-surveyors
_zavailable on rics.org
942 _n0
_2ddc
999 _c116299
_d116299